Guia metodològica per treballar amb dones inactives
ISBN:
84-9803-023-4
Descripción Física:
121 p. : gràfics ; 30 cm
MARC
| LEADER | 00000nam a2200000Ia 4500 | ||
|---|---|---|---|
| 001 | 17064 | ||
| 008 | 160829s9999 xx 000 0 cat d | ||
| 020 | |a 84-9803-023-4 | ||
| 080 | |a M-5-126 | ||
| 245 | |a Guia metodològica per treballar amb dones inactives | ||
| 260 | |a [Barcelona] : |b Diputació de Barcelona, Xarxa de Municipis, DL 2004 | ||
| 300 | |a 121 p. : |b gràfics ; |c 30 cm | ||
| 590 | |a A la part inferior de la portada: Elionor ; EQual | ||
| 650 | 0 | |a Dones |x Treball |x Barcelona (Província) |9 37608 | |
| 650 | 0 | |a Ocupació, Cerca d' |z Barcelona (Catalunya : Província) |9 49416 | |
| 710 | 1 | |a Barcelona (Catalunya : Província). |b Àrea de Promoció Econòmica i Ocupació |9 17540 | |
| 710 | 2 | |a Elionor (Programa) |9 53919 | |
| 710 | 2 | |a EQual (Programa) |9 55231 | |
| 901 | |a Arxiu | ||
| 942 | |n 1 | ||
| 952 | |0 0 |1 0 |4 0 |6 M5126 |7 1 |9 44376 |a Arxiu |b Arxiu |d 2016-12-01 |l 0 |o M-5-126 |p 17064 |r 2016-12-01 00:00:00 |w 2016-12-01 |y ARXIU | ||
| 999 | |c 46957 |d 46957 | ||